000 01141nam a2200241Ia 4500
003 Ost
005 20260416102350.0
008 260416s9999||||xx |||||||||||||| ||und||
040 _cfsecg
041 _aara
082 _a338.5
100 _aعزوز، عائشة
_eمؤلف
245 0 _aمحاضرات وتمارين محلولة في الإقتصاد الجزئي /
_c عائشة عزوز
260 _aالجزائر
_bجامعة الجزائر3: كلية العلوم الإقتصادية، العلوم التجارية وعلوم التسيير
_c2014
300 _a135 ورقة
_bايضاحات
_c30 سم
504 _aمراجع ص.134
520 _aتحليل الطلب والعرض، مرونة الطلب والعرض السعرية، توازن السوق، نظرية سلوك المستهلك، نظرية الانتاج
653 _aالاقتصاد الجزئي
653 _aالانتاج
653 _aالعرض و الطلب
710 _aجامعة الجزائر3: كلية العلوم الإقتصادية، العلوم التجارية وعلوم التسيير
_eناشر علمي
942 _cHANDOUT
999 _c40971
_d40971